000 00672nam a2200217 a 4500
001 005434
003 BD-ChCU
008 Ben
020 _a
040 _aDLC
_cDLC
_dBD-ChCU
082 0 0 _a১৮১.৪/মজু৪৮র
100 1 _aমজুমদার, সান্তুনা
_b-
245 1 0 _aরবীন্দ্রনাথের সত্তাদর্শন
_b-
250 _a***
260 _aশান্তিনিকেতন
_bবিশ্বভারতী
_c১৯৯১
300 _a**
504 _a- Biblio-
650 0 _aসত্তাদর্শন
_bভারতীয় দর্শন
700 1 _a-
942 _2ddc
_cBK
999 _c5434
_d5434